000
00303nam a22001337a 4500
008
171103b xxu||||| |||| 00| 0 eng d
020
_a
9780132724517
041
_a
eng
080
_2
3 ED
_a
339.138
100
_a
60
101
_a
MAR
245
_a
INTERNATIONAL MARKETING
_c
SHAW.J.J
942
_2
udc
_c
BK
999
_c
37567
_d
37567